[Event "IND-ch Blitz"]
[Site "Nashik"]
[Date "2024.03.07"]
[Round "4"]
[White "Nagare, Kaivalya Sandip"]
[Black "Nitin, Senthilvel"]
[Result "0-1"]
[WhiteElo "2089"]
[BlackElo "2353"]
[PlyCount "66"]
[EventDate "2024.03.07"]
[EventType "swiss (blitz)"]
[EventRounds "11"]
[EventCountry "IND"]
[SourceTitle "CB11_2024"]
[SourceDate "2024.03.13"]
[SourceVersion "1"]
[SourceVersionDate "2024.03.13"]
[SourceQuality "1"]

1. e4 g6 2. d4 Bg7 3. Nc3 c6 4. Nf3 d6 5. h3 Nf6 6. a4 0-0 7. Be3 Qc7 8. Qd2 e5 9. Be2 exd4 10. Nxd4 Re8 11. f3 Nbd7 12. 0-0-0 a6 13. Nb3 d5 14. g4 Nb6 15. Bf4 Qe7 16. a5 Nc4 17. Bxc4 dxc4 18. Bd6 Qd8 19. Nc5 Qxa5 20. Kb1 b5 21. e5 Nd7 22. f4 Nxc5 23. Bxc5 Be6 24. f5 gxf5 25. gxf5 Bxf5 26. Rdg1 Bg6 27. h4 h5 28. Rxg6 fxg6 29. Qd6 Rxe5 30. Bd4 Rd8 31. Qxg6 Rxd4 32. Rg1 Qc7 33. Qf6 Re1+ 0-1

[Event "Bangalore op 1st"]
[Site "Bangalore"]
[Date "2024.01.24"]
[Round "8"]
[White "Kumar, Gaurav"]
[Black "Nitin, Senthilvel"]
[Result "1/2-1/2"]
[WhiteElo "1953"]
[BlackElo "2385"]
[PlyCount "133"]
[EventDate "2024.01.18"]
[EventType "swiss"]
[EventRounds "10"]
[EventCountry "IND"]
[SourceTitle "CB05_2024"]
[SourceDate "2024.01.31"]
[SourceVersion "1"]
[SourceVersionDate "2024.01.31"]
[SourceQuality "1"]

1. Nf3 Nf6 2. c4 g6 3. b4 Bg7 4. Bb2 d6 5. g3 e5 6. Bg2 0-0 7. d3 Nh5 8. Nc3 f5 9. 0-0 Nc6 10. b5 Ne7 11. Qb3 Kh8 12. c5 h6 13. cxd6 cxd6 14. Na4 a6 15. bxa6 Rxa6 16. Nd2 Bd7 17. Nc3 Bc6 18. a4 Nf6 19. Nc4 f4 20. Nb5 Nf5 21. Rac1 h5 22. Nd2 h4 23. gxf4 Nh5 24. e3 exf4 25. Bxg7+ Nfxg7 26. Bxc6 bxc6 27. Nd4 Qd7 28. N4f3 fxe3 29. fxe3 Qg4+ 30. Kh1 Nf5 31. Rf2 Qxa4 32. Qb2+ Nfg7 33. Rg1 Qa2 34. Qb7 Raa8 35. Qxc6 Qe6 36. Rfg2 Rac8 37. Qb6 Qh3 38. Ng5 Qd7 39. Qd4 h3 40. Nxh3 Qxh3 41. Rxg6 Rf7 42. Qd5 Kg8 43. Qxd6 Qxe3 44. Ne4 Qf3+ 45. R6g2 Qf4 46. Qg6 Qf5 47. Qxf5 Rxf5 48. Nd6 Rcf8 49. Nxf5 Rxf5 50. Rg5 Kf7 51. Rxf5+ Nxf5 52. Ra1 Kf6 53. Ra3 Nf4 54. Kg1 Ne2+ 55. Kf2 Ned4 56. Ra8 Kg5 57. Ke1 Nf3+ 58. Ke2 Nxh2 59. Rh8 Ng4 60. Kf3 Nf6 61. Rd8 Nh4+ 62. Ke3 Nf5+ 63. Kd2 Ne7 64. Kc3 Kf5 65. Kc4 Ke6 66. Kc5 Nd7+ 67. Kb5 1/2-1/2

[Event "Madurai Athens of the East op 3rd"]
[Site "Madurai"]
[Date "2023.12.29"]
[Round "9"]
[White "Nguyen, Duc Hoa"]
[Black "Nitin, Senthilvel"]
[Result "1-0"]
[WhiteElo "2335"]
[BlackElo "2385"]
[PlyCount "89"]
[EventDate "2023.12.23"]
[EventType "swiss"]
[EventRounds "10"]
[EventCountry "IND"]
[SourceTitle "CB06_2024"]
[SourceDate "2024.02.07"]
[SourceVersion "1"]
[SourceVersionDate "2024.02.07"]
[SourceQuality "1"]

1. d4 Nf6 2. g3 g6 3. Bg2 Bg7 4. Nf3 0-0 5. 0-0 d6 6. c4 Nbd7 7. Nc3 e5 8. e4 exd4 9. Nxd4 Re8 10. b3 Nc5 11. f3 Bd7 12. Be3 h5 13. Qd2 Qc8 14. b4 Ne6 15. Nb3 Nf8 16. Rac1 Bh3 17. Nd5 Bxg2 18. Kxg2 N8d7 19. Bg5 Qb8 20. Rfd1 Nh7 21. Bf4 Ne5 22. b5 c6 23. Nb4 Qc8 24. c5 dxc5 25. Nxc5 Nf8 26. Bxe5 Bxe5 27. bxc6 bxc6 28. Ncd3 Bg7 29. Nxc6 Qb7 30. Qb4 Qb6 31. Ne7+ Kh7 32. Nd5 Qxb4 33. N3xb4 Rab8 34. Rc7 a5 35. Nd3 Kg8 36. Rdc1 Ne6 37. Ra7 Rb5 38. Nc7 Nxc7 39. Rcxc7 Bd4 40. Ra6 Rd8 41. Rac6 Rbb8 42. Rc2 a4 43. R7c4 a3 44. Nb4 g5 45. Nc6 1-0

[Event "Madurai Athens of the East op 3rd"]
[Site "Madurai"]
[Date "2023.12.24"]
[Round "2"]
[White "Alluri, Bhaskara Ratna Shan"]
[Black "Nitin, Senthilvel"]
[Result "0-1"]
[WhiteElo "1791"]
[BlackElo "2385"]
[PlyCount "102"]
[EventDate "2023.12.23"]
[EventType "swiss"]
[EventRounds "10"]
[EventCountry "IND"]
[SourceTitle "CB06_2024"]
[SourceDate "2024.02.07"]
[SourceVersion "1"]
[SourceVersionDate "2024.02.07"]
[SourceQuality "1"]

1. e4 g6 2. d4 Bg7 3. Nc3 c6 4. Be3 d6 5. Qd2 b5 6. h4 Nf6 7. f3 h5 8. Bd3 Nbd7 9. Nh3 a6 10. a4 Rb8 11. Nf2 e5 12. dxe5 Nxe5 13. Bg5 Qc7 14. Be2 Be6 15. Rd1 Nh7 16. Bh6 Bf6 17. Qxd6 Qxd6 18. Rxd6 Nc4 19. Bxc4 bxc4 20. Nfd1 Rc8 21. Bf4 0-0 22. Ke2 Rfe8 23. Ne3 Bd8 24. Rd2 f6 25. Kf2 Ba5 26. Rdd1 Re7 27. Ne2 Rb7 28. Nd4 Bf7 29. Rb1 Nf8 30. Rhd1 Bb6 31. Bd6 Rd7 32. Bxf8 Kxf8 33. Ne2 Rb7 34. Nc1 f5 35. Ke2 fxe4 36. f4 Bc5 37. b4 Be7 38. c3 Bxh4 39. Na2 Bf6 40. Rd6 Be7 41. Rdd1 Re8 42. Nc2 Be6 43. Ke3 Bg4 44. Rf1 c5 45. bxc5 Bxc5+ 46. Nd4 Rb3 47. Rxb3 cxb3 48. Nb4 Bd7 49. Nxa6 Bb6 50. a5 Bxd4+ 51. cxd4 Bb5 0-1

[Event "Qatar Masters op"]
[Site "Doha"]
[Date "2023.10.11"]
[Round "1"]
[White "Nitin, Senthilvel"]
[Black "Adhiban, Baskaran"]
[Result "0-1"]
[WhiteElo "2373"]
[BlackElo "2551"]
[PlyCount "150"]
[EventDate "2023.10.11"]
[EventType "swiss"]
[EventRounds "9"]
[EventCountry "QAT"]
[SourceTitle "Mega2024 Update 01"]
[Source "Chessbase"]
[SourceDate "2023.11.12"]
[SourceVersion "1"]
[SourceVersionDate "2023.11.12"]
[SourceQuality "1"]

1. e4 c5 2. Nf3 Nc6 3. d4 cxd4 4. Nxd4 g6 5. c4 Nf6 6. Nc3 Nxd4 7. Qxd4 d6 8. Be2 Bg7 9. Be3 0-0 10. Qd2 a5 11. 0-0 a4 12. Rab1 Qa5 13. Rfc1 Be6 14. f3 Rfc8 15. b4 axb3 16. axb3 Qb4 17. Rc2 Nd7 18. Nb5 Qxd2 19. Rxd2 Nc5 20. Bd4 Bh6 21. Rc2 Bd7 22. Nc3 Ne6 23. Bf2 Bc6 24. b4 Ra3 25. c5 dxc5 26. bxc5 Rd8 27. Nd5 Bxd5 28. exd5 Rxd5 29. Bc4 Rd7 30. Bxe6 fxe6 31. h4 Rad3 32. Kf1 Kf7 33. Rcb2 Rd1+ 34. Rxd1 Rxd1+ 35. Ke2 Rd7 36. Be3 Bg7 37. Rb4 Be5 38. g4 h5 39. gxh5 gxh5 40. Bf2 Kg6 41. Ra4 Kf5 42. Ra7 Rc7 43. Ra8 Bc3 44. Be3 Bf6 45. Ra4 e5 46. Bf2 Ke6 47. Ra8 Kd5 48. Rg8 Rd7 49. Rg1 Kc6 50. Rg6 Rd8 51. Rh6 Rh8 52. Rg6 Kd5 53. Rg1 Ra8 54. Rb1 Kc6 55. Rb6+ Kc7 56. Rb4 Ra2+ 57. Kf1 Ra6 58. f4 Kc6 59. fxe5 Bxe5 60. Re4 Kd5 61. Rb4 Ra1+ 62. Kg2 Ra2 63. Kf3 Rb2 64. Ra4 Rb3+ 65. Kg2 Rb1 66. Kf3 Bc7 67. Rd4+ Kc6 68. Re4 Rb3+ 69. Kg2 e5 70. Re1 Rb4 71. Ra1 Rg4+ 72. Kf3 Bd8 73. Ra8 Bxh4 74. Bxh4 Rxh4 75. Rc8+ Kd5 0-1

[Event "IND-ch 60th"]
[Site "Pune"]
[Date "2023.08.25"]
[Round "10"]
[White "Nitin, Senthilvel"]
[Black "Samyak, Dharewa"]
[Result "1-0"]
[WhiteElo "2386"]
[BlackElo "1789"]
[PlyCount "59"]
[EventDate "2023.08.16"]
[EventType "swiss"]
[EventRounds "11"]
[EventCountry "IND"]
[SourceTitle "EXT 2024"]
[Source "ChessBase"]
[SourceDate "2023.10.10"]
[SourceVersion "1"]
[SourceVersionDate "2023.10.10"]
[SourceQuality "1"]

1. Nf3 Nf6 2. g3 d5 3. Bg2 c5 4. 0-0 Nc6 5. d3 e5 6. Nbd2 Qc7 7. e4 d4 8. a4 Be7 9. Nc4 0-0 10. Nh4 Be6 11. Nf5 Bxc4 12. dxc4 Rfe8 13. Bg5 h6 14. Bd2 Rad8 15. f4 Bd6 16. Nxd6 Rxd6 17. f5 Nb4 18. g4 Nh7 19. Ra3 Ra6 20. h4 Qd7 21. g5 f6 22. gxh6 Rxa4 23. Rg3 Re7 24. Rff3 Qc6 25. Ra3 Rxa3 26. bxa3 Na6 27. Qh5 Nc7 28. hxg7 Qe8 29. Qh6 Qf7 30. Bf3 1-0

[Event "IND-ch 60th"]
[Site "Pune"]
[Date "2023.08.21"]
[Round "6"]
[White "Nitin, Senthilvel"]
[Black "Bhoopnath"]
[Result "0-1"]
[WhiteElo "2386"]
[BlackElo "1706"]
[PlyCount "80"]
[EventDate "2023.08.16"]
[EventType "swiss"]
[EventRounds "11"]
[EventCountry "IND"]
[SourceTitle "EXT 2024"]
[Source "ChessBase"]
[SourceDate "2023.10.10"]
[SourceVersion "1"]
[SourceVersionDate "2023.10.10"]
[SourceQuality "1"]

1. Nf3 d5 2. g3 c6 3. Bg2 Bg4 4. c4 Nf6 5. 0-0 Nbd7 6. d4 e6 7. Nbd2 Bd6 8. b3 0-0 9. Bb2 a5 10. Ne5 Bh5 11. a3 Qc7 12. Nd3 Rfe8 13. Rc1 Qb8 14. Re1 h6 15. Nf3 Bg6 16. Nfe5 Bh7 17. Qd2 a4 18. b4 Nb6 19. c5 Bxe5 20. dxe5 Nc4 21. Qc3 Ne4 22. Qd4 Ned2 23. Rc2 Nb3 24. Qf4 Qc7 25. h4 Rad8 26. Kh2 Qb8 27. h5 Qc7 28. Bf3 Rd7 29. Kg2 Qd8 30. Bc1 Qc7 31. Bb2 Qd8 32. Rd1 Qc7 33. g4 Nxb2 34. Rxb2 f6 35. Re1 Rf7 36. e4 Nd4 37. exf6 Qxf4 38. Nxf4 Rxf6 39. exd5 Rxf4 40. dxc6 Nxf3 0-1

[Event "Sivakasi Mahalingam Cup"]
[Site "Sivakasi"]
[Date "2023.07.24"]
[Round "7"]
[White "Lokesh, N1111"]
[Black "Nitin, Senthilvel"]
[Result "1/2-1/2"]
[WhiteElo "2152"]
[BlackElo "2389"]
[PlyCount "53"]
[EventDate "2023.07.21"]
[EventType "swiss"]
[EventRounds "9"]
[EventCountry "IND"]
[SourceTitle "EXT 2024"]
[Source "ChessBase"]
[SourceDate "2023.10.10"]
[SourceVersion "1"]
[SourceVersionDate "2023.10.10"]
[SourceQuality "1"]

1. e4 c5 2. Nf3 d6 3. d4 cxd4 4. Nxd4 Nf6 5. Nc3 e6 6. Be2 Be7 7. 0-0 0-0 8. f4 Nc6 9. Be3 Bd7 10. Qe1 Nxd4 11. Bxd4 Bc6 12. Qg3 g6 13. Bd3 Nh5 14. Qf2 Nxf4 15. Qxf4 e5 16. Qf2 exd4 17. Qxd4 Qa5 18. Kh1 Qe5 19. Qf2 Bg5 20. Bc4 Kg7 21. Bd5 Bf6 22. Rad1 Qe7 23. Rd3 Be5 24. Rf3 f6 25. Qd2 Rac8 26. Bxc6 Bxc3 27. Rxc3 1/2-1/2

[Event "Munich Pfingst op-A 1st"]
[Site "Munich"]
[Date "2023.06.05"]
[Round "7"]
[White "Dimitrov, Radoslav"]
[Black "Nitin, Senthilvel"]
[Result "1-0"]
[WhiteElo "2488"]
[BlackElo "2389"]
[PlyCount "83"]
[EventDate "2023.05.31"]
[EventType "swiss"]
[EventRounds "9"]
[EventCountry "GER"]
[SourceTitle "CBM 214 Extra"]
[Source "ChessBase"]
[SourceDate "2023.07.31"]
[SourceVersion "1"]
[SourceVersionDate "2023.07.31"]
[SourceQuality "1"]

1. d4 Nf6 2. c4 g6 3. Nc3 Bg7 4. Bg5 d6 5. e3 0-0 6. h3 h6 7. Bh4 Nbd7 8. Be2 e5 9. Nf3 c6 10. 0-0 Qe7 11. Bg3 Ne8 12. Qb3 f5 13. c5+ d5 14. Nxe5 Nxe5 15. dxe5 Qxc5 16. f4 Nc7 17. Na4 Qe7 18. Rac1 Ne6 19. Be1 Re8 20. Bb4 Qf7 21. Bd6 Bf8 22. Bxf8 Qxf8 23. g4 Kh8 24. Qc3 Qe7 25. Nc5 Rg8 26. Kh2 Qh4 27. Rg1 d4 28. Qe1 Qxe1 29. Rgxe1 dxe3 30. Bc4 Nxc5 31. Bxg8 Nd3 32. Bc4 Nxc1 33. Rxc1 fxg4 34. e6 Kg7 35. hxg4 Kf6 36. f5 gxf5 37. gxf5 b5 38. Bd3 Bb7 39. Rg1 e2 40. Rg6+ Ke5 41. e7 Kf4 42. Re6 1-0

[Event "Munich Pfingst op-A 1st"]
[Site "Munich"]
[Date "2023.05.31"]
[Round "1"]
[White "Nitin, Senthilvel"]
[Black "Weiss, Thomas1111"]
[Result "1-0"]
[WhiteElo "2389"]
[BlackElo "2040"]
[PlyCount "63"]
[EventDate "2023.05.31"]
[EventType "swiss"]
[EventRounds "9"]
[EventCountry "GER"]
[SourceTitle "CBM 214 Extra"]
[Source "ChessBase"]
[SourceDate "2023.07.31"]
[SourceVersion "1"]
[SourceVersionDate "2023.07.31"]
[SourceQuality "1"]

1. e4 c5 2. Nf3 Nc6 3. Bb5 e5 4. 0-0 Bd6 5. c3 a6 6. Ba4 b5 7. Bc2 Nge7 8. Re1 0-0 9. d4 cxd4 10. cxd4 exd4 11. e5 Bc7 12. Bxh7+ Kxh7 13. Ng5+ Kg6 14. Qg4 f5 15. Qg3 Bxe5 16. Rxe5 Kf6 17. Re1 d6 18. Nh7+ Kf7 19. Nxf8 Kxf8 20. Bg5 Qd7 21. Bf4 Bb7 22. Nd2 Kg8 23. Nf3 Nd5 24. Bxd6 Nf6 25. Ng5 g6 26. Rac1 Re8 27. Rxe8+ Qxe8 28. Qb3+ Kh8 29. Qf7 Qxf7 30. Nxf7+ Kg7 31. Ne5 Ne4 32. Nxc6 1-0

[Event "Munich Laimer op 2nd"]
[Site "Munich"]
[Date "2023.05.29"]
[Round "7"]
[White "Krivenko, Dion"]
[Black "Nitin, Senthilvel"]
[Result "1/2-1/2"]
[WhiteElo "2100"]
[BlackElo "2389"]
[PlyCount "81"]
[EventDate "2023.05.26"]
[EventType "swiss"]
[EventRounds "9"]
[EventCountry "GER"]
[SourceTitle "CBM 214 Extra"]
[Source "ChessBase"]
[SourceDate "2023.07.31"]
[SourceVersion "1"]
[SourceVersionDate "2023.07.31"]
[SourceQuality "1"]

1. e4 c5 2. Nf3 g6 3. d4 cxd4 4. Nxd4 Nf6 5. Nc3 d6 6. h3 Bg7 7. Bc4 0-0 8. Nf3 Nbd7 9. 0-0 b6 10. Qe2 Bb7 11. Rd1 a6 12. Nd5 b5 13. Bb3 Nxd5 14. Bxd5 Qc7 15. c3 Nb6 16. Bxb7 Qxb7 17. Bf4 e5 18. Be3 Qxe4 19. Rxd6 Nc4 20. Rdd1 Qc6 21. b3 Nd6 22. Rac1 f5 23. Qd2 Ne4 24. Qd5+ Qxd5 25. Rxd5 f4 26. Bb6 Rac8 27. c4 b4 28. Re1 Nc3 29. Rd7 Rfe8 30. Ra7 e4 31. Nd4 e3 32. fxe3 fxe3 33. Nc2 e2 34. Nxb4 Bh6 35. Rd7 Re6 36. Bf2 Nd1 37. Nd5 Nxf2 38. Rxe2 Rxe2 39. Nf6+ Kf8 40. Nxh7+ Kg8 41. Nf6+ 1/2-1/2

[Event "Indore op 1st"]
[Site "Indore"]
[Date "2023.04.07"]
[Round "9"]
[White "Nitin, Senthilvel"]
[Black "Pawar, Harshit"]
[Result "1/2-1/2"]
[WhiteElo "2398"]
[BlackElo "1992"]
[PlyCount "120"]
[EventDate "2023.04.01"]
[EventType "swiss"]
[EventRounds "10"]
[EventCountry "IND"]
[SourceTitle "CBM 213 Extra"]
[Source "ChessBase"]
[SourceDate "2023.05.31"]
[SourceVersion "1"]
[SourceVersionDate "2023.05.31"]
[SourceQuality "1"]

1. Nf3 d5 2. g3 g6 3. Bg2 Bg7 4. 0-0 e5 5. d3 Nc6 6. c4 dxc4 7. dxc4 Qxd1 8. Rxd1 e4 9. Ne1 f5 10. f3 Nd4 11. Nc3 exf3 12. exf3 Be6 13. Be3 0-0-0 14. Nb5 Nxb5 15. Rxd8+ Kxd8 16. cxb5 Ne7 17. Nd3 Bc4 18. Nc5 Kc8 19. Rc1 Bxb5 20. Ne6 Be5 21. f4 Bd6 22. Bxa7 Bc6 23. Ng5 Bxg2 24. Kxg2 Nc6 25. Bf2 Kd7 26. a3 h6 27. Nf7 Rh7 28. Nxd6 cxd6 29. b4 b5 30. a4 Rh8 31. axb5 Nxb4 32. Ra1 g5 33. Ra7+ Ke6 34. b6 gxf4 35. gxf4 Nd3 36. Be3 Kd5 37. Rf7 Rb8 38. Kf3 Ne1+ 39. Ke2 Nc2 40. Bf2 Ke4 41. Re7+ Kd5 42. Rf7 Ke4 43. Re7+ Kd5 44. Kd3 Nb4+ 45. Kc3 Na6 46. Rf7 Nc5 47. Bxc5 Kxc5 48. Rxf5+ Kxb6 49. Kd4 Kc6 50. Rh5 Rf8 51. Ke4 Rf6 52. f5 Kc5 53. Rh3 Kc6 54. Rg3 Kd7 55. Rg7+ Ke8 56. h4 Kf8 57. Rh7 Kg8 58. Rd7 Kf8 59. Kf4 Kg8 60. Kg4 Kf8 1/2-1/2

[Event "New Delhi op 20th"]
[Site "New Delhi"]
[Date "2023.03.26"]
[Round "5"]
[White "Aravindh, Chithambaram VR"]
[Black "Nitin, Senthilvel"]
[Result "1-0"]
[WhiteElo "2607"]
[BlackElo "2381"]
[PlyCount "87"]
[EventDate "2023.03.23"]
[EventType "swiss"]
[EventRounds "10"]
[EventCountry "IND"]
[SourceTitle "CBM 213 Extra"]
[Source "ChessBase"]
[SourceDate "2023.05.31"]
[SourceVersion "1"]
[SourceVersionDate "2023.05.31"]
[SourceQuality "1"]

1. d4 Nf6 2. c4 g6 3. Nc3 Bg7 4. e4 d6 5. Be2 0-0 6. Be3 e5 7. d5 Na6 8. h4 Nc5 9. Qc2 a5 10. h5 Bd7 11. 0-0-0 a4 12. Nh3 a3 13. b3 Qe7 14. g3 b6 15. hxg6 fxg6 16. f3 Nh5 17. Rdg1 Qf6 18. Nf2 Na6 19. Nd3 Nc5 20. Nb4 Rfe8 21. Kb1 Qf7 22. Nb5 Rec8 23. Bc1 Qf8 24. Nxa3 c6 25. dxc6 Bxc6 26. Nxc6 Rxc6 27. Qd1 Ne6 28. Nb5 Nf6 29. Bf1 Nc7 30. Nc3 Ne6 31. Bb2 Rc5 32. Nb5 Rc6 33. Rh2 Rd8 34. a4 h5 35. Ka2 Bh6 36. f4 Ng4 37. Bh3 Nxh2 38. Bxe6+ Kh7 39. Rh1 exf4 40. Rxh2 fxg3 41. Rxh5 g2 42. Rh2 d5 43. Bxd5 Qf2 44. Qd4 1-0

[Event "Bad Woerishofen op 38th"]
[Site "Bad Woerishofen"]
[Date "2023.03.05"]
[Round "3"]
[White "Nitin, Senthilvel"]
[Black "Vossenkuhl, Joachim"]
[Result "1-0"]
[WhiteElo "2381"]
[BlackElo "2085"]
[PlyCount "61"]
[EventDate "2023.03.03"]
[EventType "swiss"]
[EventRounds "9"]
[EventCountry "GER"]
[SourceTitle "CBM 213 Extra"]
[Source "ChessBase"]
[SourceDate "2023.05.31"]
[SourceVersion "1"]
[SourceVersionDate "2023.05.31"]
[SourceQuality "1"]

1. e4 e5 2. Nf3 Nf6 3. Nc3 Nc6 4. Bb5 Nd4 5. 0-0 Nxb5 6. Nxb5 c6 7. Nc3 d6 8. d4 Qc7 9. h3 h6 10. a4 Be7 11. b3 g5 12. Qd3 Nh5 13. dxe5 dxe5 14. Ne2 f6 15. a5 Be6 16. Ne1 Rd8 17. Qf3 Nf4 18. Ng3 h5 19. Nf5 Bxf5 20. exf5 Kf7 21. Bxf4 gxf4 22. Nd3 Qc8 23. a6 b6 24. Rfe1 Rd5 25. Ra4 b5 26. Rae4 Bd6 27. c4 bxc4 28. bxc4 Ra5 29. c5 Bc7 30. Nxf4 Qxf5 31. Qb3+ 1-0

[Event "Bad Woerishofen op 38th"]
[Site "Bad Woerishofen"]
[Date "2023.03.03"]
[Round "1"]
[White "Nitin, Senthilvel"]
[Black "Higatsberger, Michael"]
[Result "1-0"]
[WhiteElo "2381"]
[BlackElo "2040"]
[PlyCount "73"]
[EventDate "2023.03.03"]
[EventType "swiss"]
[EventRounds "9"]
[EventCountry "GER"]
[SourceTitle "CBM 213 Extra"]
[Source "ChessBase"]
[SourceDate "2023.05.31"]
[SourceVersion "1"]
[SourceVersionDate "2023.05.31"]
[SourceQuality "1"]

1. e4 c5 2. Nf3 d6 3. d4 cxd4 4. Nxd4 Nf6 5. Nc3 a6 6. Be3 e5 7. Nb3 Be6 8. Qd2 Be7 9. f4 b5 10. 0-0-0 Nbd7 11. f5 Bc4 12. g4 Nxg4 13. Rg1 Nxe3 14. Qxe3 Qb6 15. Qg3 Nf6 16. Bxc4 bxc4 17. Nd2 Qc6 18. Qe3 Rg8 19. Nd5 Nxd5 20. exd5 Qa4 21. a3 h6 22. Ne4 Bg5 23. Nxd6+ Ke7 24. Rxg5 Kxd6 25. Qb6+ Kd7 26. Qb7+ Kd6 27. Qb6+ Kd7 28. Rxg7 Rxg7 29. Qb7+ Kd6 30. Qxa8 Rg2 31. Qd8+ Qd7 32. Qf6+ Kc5 33. Qxe5 Qd6 34. Qd4+ Kb5 35. a4+ Kxa4 36. Qxc4+ Ka5 37. Kb1 1-0